| 000 | 00549nam a2200205Ia 4500 | ||
|---|---|---|---|
| 005 | 20250425161812.0 | ||
| 008 | 250425s9999 xx 000 0 und d | ||
| 041 | _aspa | ||
| 082 | _a001.6425 | ||
| 245 | 0 | _aSYNFILE | |
| 250 | _a1A ED. | ||
| 260 |
_aEcuador _bESCUELA SUPERIOR POLITECNICA DEL LITORAL.PROGRAMA DE POSTGRADO EN ADMINISTRACCION DE EMPRESAS _c1986 |
||
| 260 |
_aGUAYAQUIL _bS.E. |
||
| 300 | _a69 | ||
| 650 | _aFUNCIONES | ||
| 650 | _aHOJAS ELECTRONICAS | ||
| 650 | _aPROGRAMA DE COMPUTADORA | ||
| 942 | _c01 | ||
| 010 | _a30249 | ||
| 999 |
_c216407 _d216407 |
||